| 000 | 01365nam a2200337Ia 4500 | ||
|---|---|---|---|
| 001 | ebr10355450 | ||
| 003 | CaPaEBR | ||
| 006 | m u | ||
| 007 | cr cn||||||||| | ||
| 008 | 090825s2009 ne sb 001 0 eng d | ||
| 010 | _z 2009035062 | ||
| 020 | _z9789027241559 (hb : alk. paper) | ||
| 020 | _z9789027288752 (ebk) | ||
| 040 |
_aCaPaEBR _cCaPaEBR |
||
| 035 | _a(OCoLC)590673967 | ||
| 050 | 1 | 4 |
_aBF511 _b.E58 2009eb |
| 245 | 0 | 0 |
_aEmotions, ethics, and authenticity _h[electronic resource] / _cedited by Mikko Salmela, Verena Mayer. |
| 260 |
_aAmsterdam ; _aPhiladelphia, PA : _bJohn Benjamins Pub. Co., _c2009. |
||
| 300 | _avi, 237 p. | ||
| 490 | 1 |
_aConsciousness & emotion book series, _x1566-5836 ; _v5 |
|
| 504 | _aIncludes bibliographical references and index. | ||
| 533 |
_aElectronic reproduction. _bPalo Alto, Calif. : _cebrary, _d2011. _nAvailable via World Wide Web. _nAccess may be limited to ebrary affiliated libraries. |
||
| 650 | 0 |
_aEmotions _xPsychological aspects. |
|
| 650 | 0 | _aEthics. | |
| 655 | 7 |
_aElectronic books. _2local |
|
| 700 | 1 |
_aSalmela, Mikko, _d1967- |
|
| 700 | 1 |
_aMayer, Verena E., _d1956- |
|
| 710 | 2 | _aebrary, Inc. | |
| 830 | 0 |
_aConsciousness & emotion book series ; _v5. |
|
| 856 | 4 | 0 |
_uhttp://site.ebrary.com/lib/rucke/Doc?id=10355450 _zAn electronic book accessible through the World Wide Web; click to view |
| 999 |
_c107280 _d107280 |
||